Hidrología e hidroquímica de la cuenca del arroyo El Divisorio, provincia de Buenos Aires /

Guardado en:
Otros Autores: Espósito, Martín Eduardo. (Disertante), Paoloni, Juan Darío. (Orientador)
Formato: Manuscrito
Idioma:Spanish
Publicado: 2014.
Materias:
Etiquetas: Agregar Etiqueta
Sin Etiquetas, Sea el primero en etiquetar este registro!
LEADER 01037ntm a22002655a 4500
001 EEA.libagro009846
005 20140605124826.0
008 140428s2014####ag#######bm###000#0#spa#d
082 0 4 |a 040 
082 0 4 |a 551.49 
100 1 |a Espósito, Martín Eduardo.  |4 dis 
245 1 0 |a Hidrología e hidroquímica de la cuenca del arroyo El Divisorio, provincia de Buenos Aires /  |c Martín Eduardo Espósito. 
260 |c 2014. 
300 |a xxiii, 214 h. :  |b il. col. ;  |c 30 cm. 
500 |a "Tesis de Doctor en Agronomía". 
500 |a Director de tesis: Juan Darío Paoloni. 
502 |a Tesis (doctoral)--Universidad Nacional del Sur. Departamento de Agronomía, 2014. 
504 |a Incluye referencias bibliográficas. 
650 7 |a Hidrología. 
650 7 |a Química del agua. 
650 7 |a Cuencas. 
653 |a Buenos Aires (Argentina : Provincia) 
700 1 |a Paoloni, Juan Darío.  |4 ths 
710 2 |a Universidad Nacional del Sur.  |b Departamento de Agronomía  |4 dgg. 
859 |a AR-BbBCA  |b BIB. AGRONOMIA  |h 040  |i B148 2014-1274  |p 124391/014